Crime, policing and punishment in England: 1750 - 1914
| Main Author: | |
|---|---|
| Format: | Print Book |
| Language: | English |
| Published: |
Houndmills [u.a.]
Macmillan Press [u.a.]
1998
Houndmills [u.a.] Macmillan Press [u.a.] 1998 |
| In: | Year: 1998 |
| Online Access: |
Cover Cover Table of Contents |
| Availability in Tübingen: | Present in Tübingen. UB: KB 8 E 8441 |
| Check availability: | HBZ Gateway |
| Subito Delivery Service: | Order now. |
| Keywords: |
MARC
| LEADER | 00000cam a2200000 c 4500 | ||
|---|---|---|---|
| 001 | 243364741 | ||
| 003 | DE-627 | ||
| 005 | 20260206193521.0 | ||
| 007 | tu | ||
| 008 | 980504s1998 xxk||||| 00| ||eng c | ||
| 010 | |a 97052993 | ||
| 016 | 7 | |a b9910390 |2 UK | |
| 020 | |a 0312213964 |9 0-312-21396-4 | ||
| 020 | |a 0333641981 |9 0-333-64198-1 | ||
| 020 | |a 033364199X |9 0-333-64199-X | ||
| 035 | |a (DE-627)243364741 | ||
| 035 | |a (DE-603)104650915 | ||
| 035 | |a (DE-576)078885981 | ||
| 035 | |a (DE-599)GBV243364741 | ||
| 035 | |a (OCoLC)237322881 | ||
| 035 | |a (OCoLC)237322881 | ||
| 035 | |a (OCoLC)615153943 | ||
| 040 | |a DE-627 |b ger |c DE-627 |e rakwb | ||
| 041 | |a eng | ||
| 044 | |c XA-GB |c XD-US | ||
| 082 | 0 | |a 364.942 |q OCLC |2 21 | |
| 084 | |a 7,25 |2 ssgn | ||
| 084 | |a 15.64 |2 bkl | ||
| 084 | |a 71.65 |2 bkl | ||
| 084 | |a 86.10 |2 bkl | ||
| 100 | 1 | |a Taylor, David |0 (DE-627)1233275135 |0 (DE-576)163275130 |4 aut | |
| 109 | |a Taylor, David |a Taylor, W. D. |a Taylor, D. | ||
| 245 | 1 | 0 | |a Crime, policing and punishment in England |b 1750 - 1914 |c David Taylor |
| 263 | |a (pbk) : No price ; cased ; : No price : Formerly CIP | ||
| 264 | 1 | |a Houndmills [u.a.] |b Macmillan Press [u.a.] |c 1998 | |
| 264 | 1 | |a Houndmills [u.a.] |b Macmillan Press [u.a.] |c 1998 | |
| 300 | |a IX, 210 S | ||
| 336 | |a Text |b txt |2 rdacontent | ||
| 337 | |a ohne Hilfsmittel zu benutzen |b n |2 rdamedia | ||
| 338 | |a Band |b nc |2 rdacarrier | ||
| 490 | 0 | |a Social history in perspective | |
| 500 | |a Includes bibliographical references (p. 190-201) and index | ||
| 505 | 8 | |a Literaturverz. S. 190-201 | |
| 505 | 8 | |a Literaturverz. S. 190-201 | |
| 583 | 1 | |a Archivierung prüfen |c 20240324 |f DE-4165 |z 2 |2 pdager | |
| 648 | 7 | |a Geschichte 1750-1914 |2 gnd | |
| 650 | 0 | |a Criminal justice, Administration of |x England |x History | |
| 650 | 0 | |a Crime |x England |x History | |
| 650 | 0 | |a Police |x England |x History | |
| 650 | 0 | 7 | |0 (DE-588)4057795-8 |0 (DE-627)106149458 |0 (DE-576)209123737 |a Strafrecht |2 gnd |
| 651 | 7 | |0 (DE-588)4014770-8 |0 (DE-627)10466553X |0 (DE-576)208909346 |a England |2 gnd | |
| 689 | 0 | 0 | |d g |0 (DE-588)4022153-2 |0 (DE-627)104665513 |0 (DE-576)208942076 |a Großbritannien |2 gnd |
| 689 | 0 | 1 | |d s |0 (DE-588)4057803-3 |0 (DE-627)106149431 |0 (DE-576)209123753 |a Strafverfolgung |2 gnd |
| 689 | 0 | 2 | |a z |2 gnd |a Geschichte 1750-1914 |
| 689 | 0 | |5 (DE-627) | |
| 856 | 4 | 2 | |u http://www.gbv.de/dms/spk/sbb/toc/243364741.pdf |m V:DE-601 |m B:DE-1 |q pdf/application |x Verlag |y Inhaltsverzeichnis |3 Inhaltsverzeichnis |7 1 |
| 856 | 4 | 2 | |u https://swbplus.bsz-bw.de/bsz078885981cov.jpg |m V:DE-576 |m X:springer |q image/jpeg |v 20160204160841 |3 Cover |7 1 |
| 856 | 4 | 2 | |u http://scans.hebis.de/HEBCGI/show.pl?10465091_cov.jpg |m V:DE-576;X:springer |q image/jpeg |3 Cover |7 1 |
| 935 | |i Blocktest | ||
| 935 | |h HEB |i 0501 | ||
| 935 | |h HEB |i 0503 | ||
| 936 | b | k | |a 15.64 |j Großbritannien |j Irland |x Geschichte |0 (DE-627)181570386 |
| 936 | b | k | |a 71.65 |j Kriminalität als soziales Problem |0 (DE-627)106412248 |
| 936 | b | k | |a 86.10 |j Recht einzelner Länder, Gebiete und Völker |0 (DE-627)106422499 |
| 936 | s | n | |a m200 |2 mzub |
| 951 | |a BO | ||
| ELC | |b 1 | ||
| LOK | |0 000 xxxxxcx a22 zn 4500 | ||
| LOK | |0 001 3106697296 | ||
| LOK | |0 003 DE-627 | ||
| LOK | |0 004 243364741 | ||
| LOK | |0 005 20000802000000 | ||
| LOK | |0 008 000802||||||||||||||||ger||||||| | ||
| LOK | |0 040 |a DE-21 |c DE-627 |d DE-21 | ||
| LOK | |0 852 |a DE-21 | ||
| LOK | |0 852 1 |c KB 8 E 8441 |9 00 | ||
| LOK | |0 935 |a krim | ||
| LOK | |0 936ln |a k2.3 | ||
| LOK | |0 939 |a 02-08-00 |b l01 | ||
| ORI | |a SA-MARC-krimdoka001.raw | ||
| SIG | |a UB: KB 8 E 8441 | ||
| TIM | |a 100017500101_100019141231 |b Geschichte 1750-1914 | ||
